<?xml version="1.0" encoding="UTF-8"?><?xml-stylesheet type="text/xsl" href="static/style.xsl"?><OAI-PMH xmlns="http://www.openarchives.org/OAI/2.0/" xmlns:xsi="http://www.w3.org/2001/XMLSchema-instance" xsi:schemaLocation="http://www.openarchives.org/OAI/2.0/ http://www.openarchives.org/OAI/2.0/OAI-PMH.xsd"><responseDate>2026-04-17T03:03:56Z</responseDate><request verb="GetRecord" identifier="oai:www.recercat.cat:20.500.12328/908" metadataPrefix="marc">https://recercat.cat/oai/request</request><GetRecord><record><header><identifier>oai:recercat.cat:20.500.12328/908</identifier><datestamp>2025-05-19T19:01:29Z</datestamp><setSpec>com_2072_67741</setSpec><setSpec>col_2072_484355</setSpec></header><metadata><record xmlns="http://www.loc.gov/MARC21/slim" xmlns:dcterms="http://purl.org/dc/terms/" xmlns:xsi="http://www.w3.org/2001/XMLSchema-instance" xmlns:doc="http://www.lyncode.com/xoai" xsi:schemaLocation="http://www.loc.gov/MARC21/slim http://www.loc.gov/standards/marcxml/schema/MARC21slim.xsd">
   <leader>00925njm 22002777a 4500</leader>
   <datafield ind2=" " ind1=" " tag="042">
      <subfield code="a">dc</subfield>
   </datafield>
   <datafield ind2=" " ind1=" " tag="260">
      <subfield code="c">2017-06-22</subfield>
   </datafield>
   <datafield ind2=" " ind1=" " tag="520">
      <subfield code="a">Introducción: Respeto o un trato digno, son dos conceptos que preocupan a los seres humanos, especialmente cuando se encuentran en situaciones de vulnerabilidad. Siendo en las situaciones de enfermedad, cuando el estado de vulnerabilidad se ve incrementado. Con todo esto, este trabajo de revisión de la literatura pretende conocer y profundizar en los conceptos de dignidad y respeto en el cuidado de enfermería. Objetivo Identificar las actuaciones de los profesionales de enfermería que preservan tanto la dignidad como el respeto del paciente. Metodología: Se ha realizado una revisión sistemática de la literatura. Las bases de datos utilizadas fueron Pubmed, Scielo, Cochrane Plus, Scopus y EBSCOhost. Finalmente se seleccionaron 30 publicaciones científicas para ser analizadas en esta revisión. Resultados Se han obtenido 8 temas emergentes en los cuáles se va a profundizar en el presente estudio: Gestión de las emociones; contextualización del espacio y del entorno; conducta del equipo sanitario; comunicación por parte del paciente y del equipo sanitario; privacidad; confidencialidad; autonomía del paciente y cuidado individualizado; y respeto a la dignidad de los profesionales sanitarios. Conclusión: Un adecuado soporte emocional, un respeto mutuo entre enfermera y paciente, un propicio ambiente físico, el respeto por la privacidad física o tratar al paciente como a un individuo completo, son algunas de las acciones que preservan tanto la dignidad como el respeto del paciente. Por otro lado, la evidencia muestra como la comunicación de salud válida para permitir al paciente dar un consentimiento informado o tomar decisiones de atención médica es, hasta ahora, insuficiente.</subfield>
   </datafield>
   <datafield ind1="8" ind2=" " tag="024">
      <subfield code="a">http://hdl.handle.net/20.500.12328/908</subfield>
   </datafield>
   <datafield tag="653" ind2=" " ind1=" ">
      <subfield code="a">Infermeria</subfield>
   </datafield>
   <datafield tag="653" ind2=" " ind1=" ">
      <subfield code="a">Cures infermeres</subfield>
   </datafield>
   <datafield tag="653" ind2=" " ind1=" ">
      <subfield code="a">Humanització de les cures</subfield>
   </datafield>
   <datafield tag="653" ind2=" " ind1=" ">
      <subfield code="a">Dignitat i respecte</subfield>
   </datafield>
   <datafield tag="653" ind2=" " ind1=" ">
      <subfield code="a">Enfermería</subfield>
   </datafield>
   <datafield tag="653" ind2=" " ind1=" ">
      <subfield code="a">Cuidado enfermero</subfield>
   </datafield>
   <datafield tag="653" ind2=" " ind1=" ">
      <subfield code="a">Cuidado humanizado</subfield>
   </datafield>
   <datafield tag="653" ind2=" " ind1=" ">
      <subfield code="a">Dignidad y respeto</subfield>
   </datafield>
   <datafield tag="653" ind2=" " ind1=" ">
      <subfield code="a">Nursing</subfield>
   </datafield>
   <datafield tag="653" ind2=" " ind1=" ">
      <subfield code="a">Nursing care</subfield>
   </datafield>
   <datafield tag="653" ind2=" " ind1=" ">
      <subfield code="a">Humanized care</subfield>
   </datafield>
   <datafield tag="653" ind2=" " ind1=" ">
      <subfield code="a">Dignity and respect</subfield>
   </datafield>
   <datafield ind2="0" ind1="0" tag="245">
      <subfield code="a">Revisión de la literatura sobre la dignidad y el respeto en el cuidado de enfermería.</subfield>
   </datafield>
</record></metadata></record></GetRecord></OAI-PMH>